Taylor Swift - Paris (Lyrics) - Statistics

General Stats
  • This quiz has been taken 2,066 times
    2,033 since last reset
  • The average score is 256 of 308
Answer Stats
Answer % Correct
a
98%
I
98%
so
98%
you
98%
in
97%
In
97%
Paris
97%
Paris,
97%
Some
97%
the
97%
we
97%
We
97%
were
97%
where
97%
me
95%
an
94%
be
94%
else
94%
somewhere
94%
"Your
94%
your
94%
and
93%
And
93%
No,
93%
on
93%
see
93%
that
93%
Did
92%
didn't,
92%
didn't
92%
he
92%
it
92%
love
92%
love,
92%
all
91%
but
91%
'Cause
91%
was
91%
I'm
90%
I'm
90%
at
89%
her
89%
news
89%
out,
89%
sister
89%
friend's
88%
kissed
88%
ex
87%
stop
87%
thanks,
87%
bedroom
86%
guy
86%
up
86%
wanna
86%
breathing
85%
Met
85%
might
85%
photos?"
85%
though
85%
ages
84%
ago
84%
club
84%
map
84%
outfits
84%
terrible
84%
with
84%
ceiling
83%
champagne
83%
hooked
83%
2003,
82%
Drew
82%
drew
82%
my
82%
My
82%
Like
81%
someone
81%
Turns
81%
unbearable
80%
by
78%
wannabe
77%
it's
75%
view
75%
Z-lister
75%
make
73%
To
73%
alleyway,
72%
taken
72%
wine,
72%
believe
71%
not
70%
Cheap
69%
down
69%
is
69%
Into
67%
just
67%
if
66%
loving
66%
forever
65%
brainwash
63%
pretend
63%
yours
63%
keep
62%
whole
62%
world
62%
Romance
61%
transport
61%
clever
60%
door
60%
culture's
59%
drinking
59%
midnight
58%
Privacy
58%
kind
57%
sign
57%
dead
56%
Let
56%
tower
56%
tree
56%
has
55%
mind
55%
grown
53%
light
53%
alleyways
52%
mean,
52%
only
52%
that's
52%
shade
50%
truth
50%
Confess
49%
letters
49%
made
49%
under
49%
thrown
48%
flashing
47%
page
47%
Stumbled
47%
cursive
46%
Sit
45%
side
44%
Yes,
42%
messes
41%
swooping,
39%
quiet
33%
Levitate
32%
sloping,
32%
above
27%
No matching quizzes found
Score Distribution
Percent of People with Each Score
Percentile by Number Answered
Your Score History
You have not taken this quiz since the last reset